Bratislavský zbor úspešný

Bibliographic Details
Main Author: Mésárošová, Marcella, 1929-1988 (Author)
Format: Article
Language:Slovak
PhysicalDescription:Obr. 1.
Subjects:

MARC

LEADER 00000nab a2200000 a 4500
001 vtls000010138
003 SK-MaSNL
005 20260304071651.0
008 250422c1978 xo 0 slo
015 |a SNBRB19rr/mm-uuuuu 
035 |a CL0020232 
035 |a urn:nbn:sk:snk-ab1twr 
035 |a (urnnbn)urn:nbn:sk:snk:ar-a00yby 
035 |a (uuid)8ec4d17f-4194-428e-96b5-ae2fb6cc5c89 
040 |a SNKBUCL  |b slo  |c SNKBUCL  |e AACR2 
041 0 |a slo 
044 |a xo  |c SK 
080 |a 784  |2 1981 
100 1 |a Mésárošová, Marcella,  |d 1929-1988  |4 aut  |9 48704 
245 1 0 |a Bratislavský zbor úspešný  |c Marcela Mésárošová 
300 |b Obr. 1. 
610 2 7 |a Bratislavský komorný zbor  |2 snkbucl  |9 251032 
650 0 7 |a spevácke zbory  |2 SNKPH  |9 3197 
655 7 |a články z novín a časopisov  |2 snkbucl  |9 267496 
773 0 |t Hudobný život  |g Roč. 10, č. 17 (11. 9. 1978), s. 7 
850 |a Slovenská národná knižnica 
852 |a Slovenská národná knižnica 
954 |a odborná, vedecká literatúra pôvodná (slovenská)  |2 lita 
957 |a 5100 
958 |a article27 
958 |a OND 
958 |a RK 
958 |a EUIPO 
992 |a RBX 
999 |c 2761479  |d 2763409